<?xml version="1.0" encoding="UTF-8"?>
<marc:record xmlns:marc="http://www.loc.gov/MARC21/slim">
   <marc:leader>00000nam a2200000 a 4500</marc:leader>
   <marc:datafield ind1="1" ind2=" " tag="100">
      <marc:subfield code="a">Lim, Elizabeth</marc:subfield>
      <marc:subfield code="4">aut</marc:subfield>
      <marc:subfield code="e">Verfasser/-in</marc:subfield>
   </marc:datafield>
   <marc:datafield ind1="0" ind2="0" tag="245">
      <marc:subfield code="a">Bestickt mit den Tränen des Mondes</marc:subfield>
   </marc:datafield>
   <marc:datafield ind1=" " ind2="1" tag="264">
      <marc:subfield code="b">Carlsen</marc:subfield>
   </marc:datafield>
   <marc:datafield ind1="1" ind2=" " tag="520">
      <marc:subfield code="a">Maia Tamarin hat es geschafft: Sie hat drei magische Kleider aus dem Blut der Sterne, dem Lachen der Sonne und den Tränen des Mondes erschaffen. Doch der Preis dafür war hoch: Der Dämon Bandur bekommt immer mehr Gewalt über sie, und schleichend verwandelt sich auch Maia in einen Dämon. Zuerst versucht sie, ihren Geliebten, den geheimnisvollen Magier Edan, zu schützen und hält es vor ihm geheim. Doch wenn sie seine Hilfe annimmt, kann sie vielleicht den bösen Mächten noch entkommen .
</marc:subfield>
   </marc:datafield>
   <marc:datafield ind1="3" ind2=" " tag="024">
      <marc:subfield code="a">9783551584496</marc:subfield>
   </marc:datafield>
</marc:record>
